Catalog

Record Details

Catalog Search



Available copies

  • 3 of 3 copies available at LARL/NWRL Consortium.
  • 1 of 1 copy available at Northwest Regional Library. (Show)

Current holds

0 current holds with 3 total copies.

Show Only Available Copies
Location Call Number / Copy Notes Barcode Shelving Location Status Due Date
Thief River Falls Public Library ya REI (Text) 35500006862542 Main Available -
Barnesville Public Library Y REI (Text) 33500014164032 Main Available -
Detroit Lakes Public Library Y REI (Text) 33500014164024 Main Available -

Record details

  • ISBN: 9780063211551
  • ISBN: 0063211556
  • Physical Description: 371 pages ; 22 cm
  • Edition: First Edition.
  • Publisher: New York, NY : Harper, an imprint of HarperCollinsPublishers, [2025]

Content descriptions

Summary, etc.:
By encouraging massive accumulations of debt from ... Read More
Subject: Dystopias > Juvenile fiction.
Social classes > Juvenile fiction.
Debt > Juvenile fiction.
Siblings > Juvenile fiction.
Reality television programs > Juvenile fiction.
Assassination > Juvenile fiction.
Survival > Juvenile fiction.
Mutation (Biology) > Juvenile fiction.
Sexual minorities > Juvenile fiction.
Dystopias > Fiction.
Social classes > Fiction.
Debt > Fiction.
Siblings > Fiction.
Reality television programs > Fiction.
Assassination > Fiction.
Survival > Fiction.
Mutation (Biology) > Fiction.
LGBTQ+ people > Fiction.
Romance stories.
Science fiction.
Genre: Young adult fiction.
LGBTQ+ romance fiction.
Dystopian fiction.
Science fiction.
Romance fiction.
Queer fiction.
LDR 04396cam a2200757 i 4500
001453681
003LARL_NWRL_CONSORTIUM
00520250305212355.0
008240710t20252025nyu d 000 1 eng d
010 . ‡a 2024940889
040 . ‡aIG# ‡beng ‡erda ‡cIG# ‡dBDX ‡dAZH ‡dQS2 ‡dIG# ‡dOCLCO ‡dJAS ‡dOCLCO ‡dFAYTV
020 . ‡a9780063211551 ‡q(trade bdg.)
020 . ‡a0063211556 ‡q(trade bdg.)
035 . ‡a(OCoLC)1464690899
08204. ‡a[Fic] ‡223
1001 . ‡aReid, Ava, ‡eauthor. ‡1https://id.oclc.org/worldcat/entity/E39PCjGb4yVvcQ9kfhGfVvH4D3
24510. ‡aFable for the end of the world / ‡cAva Reid.
250 . ‡aFirst Edition.
264 1. ‡aNew York, NY : ‡bHarper, an imprint of HarperCollinsPublishers, ‡c[2025]
264 4. ‡c©2025
300 . ‡a371 pages ; ‡c22 cm
336 . ‡atext ‡btxt ‡2rdacontent
337 . ‡aunmediated ‡bn ‡2rdamedia
338 . ‡avolume ‡bnc ‡2rdacarrier
520 . ‡aBy encouraging massive accumulations of debt from its underclass, a single corporation, Caerus, controls all aspects of society. Inesa lives with her brother in a half-sunken town where they scrape by running a taxidermy shop. Unbeknownst to Inesa, their cruel and indolent mother has accrued an enormous debt, enough to qualify one of her children for Caerus's livestreamed assassination spectacle : the Lamb's Gauntlet. Melinoe is a Caerus assassin, trained to track and kill the sacrificial Lambs. The product of neural reconditioning and physiological alteration, she is a living weapon, known for her cold brutality and deadly beauty. She has never failed to assassinate one of her marks. When Inesa learns that her mother has offered her as a sacrifice, at first she despairs, the Gauntlet is always a bloodbath for the impoverished debtors. But she's had years of practice surviving in the apocalyptic wastes, and with the help of her hunter brother she might stand a chance of staying alive. For Melinoe, this is a game she can't afford to lose. Despite her reputation for mercilessness, she is haunted by painful flashbacks. After her last Gauntlet, where she broke down on livestream, she desperately needs redemption. As Mel pursues Inesa across the wasteland, both girls begin to question everything : Inesa wonders if there's more to life than survival, while Mel wonders if she's capable of more than killing. And both wonder if, against all odds, they might be falling in love.
650 0. ‡aDystopias ‡vJuvenile fiction.
650 0. ‡aSocial classes ‡vJuvenile fiction.
650 0. ‡aDebt ‡vJuvenile fiction.
650 0. ‡aSiblings ‡vJuvenile fiction.
650 0. ‡aReality television programs ‡vJuvenile fiction.
650 0. ‡aAssassination ‡vJuvenile fiction.
650 0. ‡aSurvival ‡vJuvenile fiction.
650 0. ‡aMutation (Biology) ‡vJuvenile fiction.
650 0. ‡aSexual minorities ‡vJuvenile fiction.
650 1. ‡aDystopias ‡vFiction.
650 1. ‡aSocial classes ‡vFiction. ‡0(LARL_NWRL_CONSORTIUM)167306
650 1. ‡aDebt ‡vFiction.
650 1. ‡aSiblings ‡vFiction.
650 1. ‡aReality television programs ‡vFiction. ‡0(LARL_NWRL_CONSORTIUM)167069
650 1. ‡aAssassination ‡vFiction.
650 1. ‡aSurvival ‡vFiction.
650 1. ‡aMutation (Biology) ‡vFiction.
650 1. ‡aLGBTQ+ people ‡vFiction.
650 1. ‡aRomance stories.
650 1. ‡aScience fiction. ‡0(LARL_NWRL_CONSORTIUM)30394
655 0. ‡aYoung adult fiction.
655 7. ‡aLGBTQ+ romance fiction. ‡2homoit
655 7. ‡aDystopian fiction. ‡2lcgft
655 7. ‡aScience fiction. ‡2lcgft
655 7. ‡aRomance fiction. ‡2lcgft
655 7. ‡aQueer fiction. ‡2lcgft
901 . ‡a453681 ‡bOCoLC ‡c453681 ‡tbiblio ‡soclc

Additional Resources